000 00547nam a22001817a 4500
005 20130611115250.0
010 _aENG-107412
020 _a9789381523377
_c1250.00
035 _aEN-90945
037 _bDBAD/PUB
082 _a954.083
100 _aAtkinson, G. F.
245 _aThe compaign in India /
_cby G. F. Atkinson ; foreworded by Mushirul Hasan
260 _aNew Delhi
_bNiyogi Books
_c2012
270 _aD-78, Okhla Industrial Area, Phase-I
_bNew Delhi
_e110020
300 _a92p. :
_c28cm(Hb)
_bcol. ill.
942 _2ddc
_cEN
_mCAM
_hATK
999 _c76202
_d76202